Online Catalogue and eLibrary

AIDS and Family Education (Record no. 5919)

MARC details
000 -LEADER
fixed length control field 00449nam a22001937a 4500
005 - DATE AND TIME OF LATEST TRANSACTION
control field 20240821051656.0
008 - FIXED-LENGTH DATA ELEMENTS--GENERAL INFORMATION
fixed length control field 240821b |||||||| |||| 00| 0 eng d
020 ## - INTERNATIONAL STANDARD BOOK NUMBER
ISBN 8170332994
082 ## - DDC Classification
DDC Edition Number 22
Class No. 613
100 ## - MAIN ENTRY--PERSONAL NAME
Personal name Thomas, Gracious
245 ## - TITLE STATEMENT
Title AIDS and Family Education
260 ## - PUBLICATION, DISTRIBUTION, ETC.
Place of publication, distribution, etc. Jaipur
Name of publisher, distributor, etc. Rawat Publications
Date of publication, distribution, etc. 1995
300 ## - PHYSICAL DESCRIPTION
Extent (e.g. Volumes, Pages etc.) 288 p .,
650 ## - SUBJECT ADDED ENTRY--TOPICAL TERM
Topical term or geographic name entry element Sociology
650 ## - SUBJECT ADDED ENTRY--TOPICAL TERM
Topical term or geographic name entry element Social
650 ## - SUBJECT ADDED ENTRY--TOPICAL TERM
Topical term or geographic name entry element Gender
650 ## - SUBJECT ADDED ENTRY--TOPICAL TERM
Topical term or geographic name entry element Health
942 ## - Koha item type (Biblio)
Koha item type Books in Stacks (Lending)
Holdings
Lost status Damaged status Collection code Home library Current library Date acquired Full call number Accession Number Item type
    Lending WERC Library WERC Library 08/21/2024 613 5408 Books in Stacks (Lending)

© WERC Library